<?xml version="1.0" encoding="UTF-8"?>
<record
    xmlns:xsi="http://www.w3.org/2001/XMLSchema-instance"
    xsi:schemaLocation="http://www.loc.gov/MARC21/slim http://www.loc.gov/standards/marcxml/schema/MARC21slim.xsd"
    xmlns="http://www.loc.gov/MARC21/slim">

  <leader>01515nam a2200337 i 4500</leader>
  <controlfield tag="003">DO-SdBNP</controlfield>
  <controlfield tag="005">20260505103257.0</controlfield>
  <controlfield tag="007">ta</controlfield>
  <controlfield tag="008">220909e2003    dr a|||fr||||o001 0 spa d</controlfield>
  <datafield tag="040" ind1=" " ind2=" ">
    <subfield code="a">DO-SdBNP</subfield>
    <subfield code="b">spa</subfield>
    <subfield code="c">BNPHU</subfield>
    <subfield code="e">rda</subfield>
  </datafield>
  <datafield tag="041" ind1=" " ind2=" ">
    <subfield code="a">spa</subfield>
  </datafield>
  <datafield tag="082" ind1=" " ind2="4">
    <subfield code="a">xxx</subfield>
    <subfield code="b">E84s</subfield>
    <subfield code="2">22</subfield>
  </datafield>
  <datafield tag="100" ind1="1" ind2=" ">
    <subfield code="9">64275</subfield>
    <subfield code="a">Montero, Gregorio</subfield>
  </datafield>
  <datafield tag="245" ind1="1" ind2="0">
    <subfield code="a">&#xC9;tica del servidor p&#xFA;blico /</subfield>
    <subfield code="c">Gregorio Montero</subfield>
  </datafield>
  <datafield tag="260" ind1=" " ind2=" ">
    <subfield code="a">Santo Domigo :</subfield>
  </datafield>
  <datafield tag="264" ind1=" " ind2=" ">
    <subfield code="a">Santo Domingo, Rep&#xFA;blica Dominicana :  </subfield>
    <subfield code="b">PARME,</subfield>
    <subfield code="c">2003.</subfield>
  </datafield>
  <datafield tag="300" ind1=" " ind2=" ">
    <subfield code="a">iii, 66 p&#xE1;ginas :</subfield>
    <subfield code="b">ilustraciones ;</subfield>
    <subfield code="c">27 cm.</subfield>
  </datafield>
  <datafield tag="336" ind1=" " ind2=" ">
    <subfield code="a">texto</subfield>
    <subfield code="b">txt</subfield>
    <subfield code="2">rdacontent</subfield>
  </datafield>
  <datafield tag="337" ind1=" " ind2=" ">
    <subfield code="a">sin mediaci&#xF3;n</subfield>
    <subfield code="b">n</subfield>
    <subfield code="2">rdamedia </subfield>
  </datafield>
  <datafield tag="338" ind1=" " ind2=" ">
    <subfield code="a">volumen  </subfield>
    <subfield code="b">nc</subfield>
    <subfield code="2">rdacarrier </subfield>
  </datafield>
  <datafield tag="504" ind1=" " ind2=" ">
    <subfield code="a">Bibliograf&#xED;a: p&#xE1;ginas 65- 66</subfield>
  </datafield>
  <datafield tag="505" ind1="0" ind2=" ">
    <subfield code="a">Presentaci&#xF3;n.--</subfield>
    <subfield code="t">Introducci&#xF3;n.--</subfield>
    <subfield code="g">Cap&#xED;tulo I.</subfield>
    <subfield code="t">El Estado.--</subfield>
    <subfield code="g">Cap&#xED;tulo II.</subfield>
    <subfield code="t">La &#xE9;tica.--</subfield>
    <subfield code="g">Cap&#xED;tulo III.</subfield>
    <subfield code="t">R&#xE9;gimen &#xE9;tico de los servidores p&#xFA;blicos.--</subfield>
    <subfield code="g">Cap&#xED;tulo IV.</subfield>
    <subfield code="t">R&#xE9;gimen disciplinario de los servidores.--</subfield>
    <subfield code="g">Cap&#xED;tulo V.</subfield>
    <subfield code="t">Corrupci&#xF3;n administrativa.--</subfield>
    <subfield code="g">Cap&#xED;tulo VI.</subfield>
    <subfield code="t">Derechos de los servidores p&#xFA;blicos.--</subfield>
    <subfield code="t">Bibliograf&#xED;a.</subfield>
  </datafield>
  <datafield tag="590" ind1=" " ind2=" ">
    <subfield code="a">Inventariado 2022 / MF</subfield>
  </datafield>
  <datafield tag="650" ind1=" " ind2="4">
    <subfield code="a">Funci&#xF3;n p&#xFA;blica</subfield>
    <subfield code="x">Rep&#xFA;blica Dominicana</subfield>
    <subfield code="9">19974</subfield>
  </datafield>
  <datafield tag="650" ind1=" " ind2="4">
    <subfield code="9">8533</subfield>
    <subfield code="a">&#xC9;tica Legal</subfield>
    <subfield code="z">Rep&#xFA;blica Dominicana</subfield>
  </datafield>
  <datafield tag="650" ind1=" " ind2="0">
    <subfield code="a">Funcionarios p&#xFA;blicos </subfield>
    <subfield code="9">31118</subfield>
  </datafield>
  <datafield tag="710" ind1="2" ind2=" ">
    <subfield code="9">82155</subfield>
    <subfield code="a">Instituto Nacional de Administraci&#xF3;n P&#xFA;blica  (Rep&#xFA;blica Dominicana)</subfield>
  </datafield>
  <datafield tag="710" ind1="2" ind2=" ">
    <subfield code="9">16047</subfield>
    <subfield code="a">Programa de Apoyo a la Reforma y Modernizaci&#xF3;n del Estado (Rep&#xFA;blica Dominicana)</subfield>
  </datafield>
  <datafield tag="910" ind1=" " ind2=" ">
    <subfield code="a">MFeliz</subfield>
  </datafield>
  <datafield tag="942" ind1=" " ind2=" ">
    <subfield code="2">ddc</subfield>
    <subfield code="c">LBS1</subfield>
  </datafield>
  <datafield tag="952" ind1=" " ind2=" ">
    <subfield code="0">0</subfield>
    <subfield code="1">0</subfield>
    <subfield code="2">ddc</subfield>
    <subfield code="5">1</subfield>
    <subfield code="7">0</subfield>
    <subfield code="8">PD</subfield>
    <subfield code="a">BNPHU</subfield>
    <subfield code="b">BNPHU</subfield>
    <subfield code="c">CT</subfield>
    <subfield code="d">2019-04-04</subfield>
    <subfield code="e">Doando por Martiza P&#xE9;rez Gimbernard</subfield>
    <subfield code="l">0</subfield>
    <subfield code="o">xxx E84s</subfield>
    <subfield code="p">2022-3890</subfield>
    <subfield code="r">2022-09-09</subfield>
    <subfield code="w">2022-09-09</subfield>
    <subfield code="y">LBS1</subfield>
  </datafield>
  <datafield tag="952" ind1=" " ind2=" ">
    <subfield code="0">0</subfield>
    <subfield code="1">0</subfield>
    <subfield code="2">ddc</subfield>
    <subfield code="5">1</subfield>
    <subfield code="7">0</subfield>
    <subfield code="8">PD</subfield>
    <subfield code="a">BNPHU</subfield>
    <subfield code="b">BNPHU</subfield>
    <subfield code="c">CT</subfield>
    <subfield code="d">2022-12-09</subfield>
    <subfield code="e">Donado por V&#xED;ctor Hugo</subfield>
    <subfield code="l">0</subfield>
    <subfield code="o">xxx E84s</subfield>
    <subfield code="p">2022-4547</subfield>
    <subfield code="r">2022-10-26</subfield>
    <subfield code="t">e.2</subfield>
    <subfield code="w">2022-10-26</subfield>
    <subfield code="y">LBS1</subfield>
  </datafield>
  <datafield tag="999" ind1=" " ind2=" ">
    <subfield code="c">52365</subfield>
    <subfield code="d">52365</subfield>
  </datafield>
</record>
